New circular leaf spot disease: Current status of research activities in Vietnam (Record no. 75233)

MARC details
000 -LEADER
fixed length control field 01494nam a22001577a 4500
100 ## - MAIN ENTRY--AUTHOR NAME
Personal name Nghia, N.A.
245 ## - TITLE STATEMENT
Title New circular leaf spot disease: Current status of research activities in Vietnam
260 ## - PUBLICATION, DISTRIBUTION, ETC. (IMPRINT)
Name of publisher Proceedings of the IRRDB International Rubber Conference 2023, 20-21 February 2023, IRRDB, Kuala Lumpur, Malaysia, pp. 179-185.
520 ## - SUMMARY, ETC.
Summary, etc In October 2021, a new circular leaf spot disease was first detected in 153.8 ha of rubber trees from 3 companies in southeast region of Vietnam (Dong Nai, Phu Rieng and Phu Thinh). By October 2022, the disease spread to 8 southeast companies (Dong Nai, Phu Rieng, Dong Phu, Loc Ninh, Binh Long, Tay Ninh, Tan Bien and Binh Thuan) and 1 highland company (Sa Thay), with total infected areas of 9,972.6 hectares. This is a new disease on rubber trees in Vietnam. The timely spraying of fungicides by the companies to control the disease minimised the harmful effects and reduced the spread of the disease. A research project has been initiated to identify the causative agent of the disease; to observe biological characteristics of pathogens; to test fungicides with high potency against the pathogens; to screen the resistance/sensitive levels of some common rubber clones in Vietnam and to develop a protocol for the disease control. Initial results are presented.
650 ## - SUBJECT ADDED ENTRY--TOPICAL TERM
Topical Term Circular leaf spot disease
650 ## - SUBJECT ADDED ENTRY--TOPICAL TERM
Topical Term Koch's postulates
650 ## - SUBJECT ADDED ENTRY--TOPICAL TERM
Topical Term Colletotrichum
650 ## - SUBJECT ADDED ENTRY--TOPICAL TERM
Topical Term Pestalotiopsis
700 ## - ADDED ENTRY--PERSONAL NAME
Personal name Hieu, N.D.
942 ## - ADDED ENTRY ELEMENTS (KOHA)
Koha item type Journals
Holdings
Withdrawn status Lost status Damaged status Not for loan Home library Current library Date acquired Koha item type
        RRII Library RRII Library 25/04/2024 Journals